Fundamentals of electrical engineering and electronics (Record no. 162023)

MARC details
000 -LEADER
fixed length control field 00398nam a2200157Ia 4500
008 - FIXED-LENGTH DATA ELEMENTS--GENERAL INFORMATION
fixed length control field 231217s9999 xx 000 0 und d
041 ## - LANGUAGE CODE
Language code of text/sound track or separate title English
082 ## - DEWEY DECIMAL CLASSIFICATION NUMBER
Classification number 621.3 THE;14
100 ## - MAIN ENTRY--PERSONAL NAME
Personal name Theraja, B L
245 #0 - TITLE STATEMENT
Title Fundamentals of electrical engineering and electronics
250 ## - EDITION STATEMENT
Edition statement 27th ed.
260 ## - PUBLICATION, DISTRIBUTION, ETC.
Date of publication, distribution, etc. 1991
Name of publisher, distributor, etc. Nirja
300 ## - PHYSICAL DESCRIPTION
Extent x+880
650 ## - SUBJECT ADDED ENTRY--TOPICAL TERM
Topical term or geographic name entry element Electrical engineering
942 ## - ADDED ENTRY ELEMENTS (KOHA)
Koha item type Books
Holdings
Date last seen Total checkouts Full call number Accession number Date last checked out Cost, total (INR) price Price effective from Category Lost status Damaged status Department Withdrawn status Home library Current library Entry date Vendor Cost, normal purchase price Grants Billnumber Billdate Currency symbol Conversion rate Discount Old discount Public note Shelving location
15/05/2024 1 621.3 THE;14 3868 03/05/2024 63.75 26/01/2024 Books     Central Library   Central Library Central Library 14/08/1991 Subhas Publ. 75.00 EC 424 16/12/1992 RS 1 11.25 15    
26/01/2024   621.3 THE;15 3869   63.75 26/01/2024 Books     Central Library   Central Library Central Library 14/08/1991 Subhas Publ. 75.00 EC 424 16/12/1992 RS 1 11.25 15 Weeded Out 2016  
26/01/2024   621.3 THE 3870   63.75 26/01/2024 Books     Central Library   Central Library Central Library 14/08/1991 Subhas Publ. 75.00 EC 424 16/12/1992 RS 1 11.25 15    
26/01/2024   621.31 THE;1 3871   63.75 26/01/2024 Books     Library Annex   Central Library Central Library 14/08/1991   75.00 EC 424 16/12/1992 RS 1 11.25 15 Weeded Out 2016 Library Annex
26/01/2024   621.31 THE;12 3872   63.75 26/01/2024 Books     Central Library   Central Library Central Library 14/08/1991 Subhas Publ. 75.00 SC-ST 424 16/12/1992 RS 1 11.25 15 SC ST (102) SC-ST
26/01/2024   621.3 THE;2 3873   63.75 26/01/2024 Books     Central Library   Central Library Central Library 14/08/1991 Subhas Publ. 75.00 EC 424 16/12/1992 RS 1 11.25 15    

© For any Suggestions or Query, please contact the library staff @ librarian@pes.edu or Phone: +9180 2672 1983/ 2108.